| 000 | 00878nam a2200241 a 4500 | ||
|---|---|---|---|
| 001 | 000035003 | ||
| 005 | 20250526115843.0 | ||
| 008 | 111024s1968 xxu 000 0 spa d | ||
| 040 |
_aDO-SdBNP _bspa _cBNPHU |
||
| 082 |
_axxxx _bM322h |
||
| 100 | 1 |
_aMarcuse, Herbert, _d1898-1979 _95128 |
|
| 240 | 1 | 0 |
_aOne-Dimensional man _lFrancés |
| 245 | 1 | 3 |
_aL´homme unidimensionnel : _bessai sur lʻidéologie de la société industrielle avancée / _cHerbert Marcuse ; traduit de lʻanglais par Monique Wittig , préface Février. |
| 260 |
_aParis : _bMinuit, _c1968. |
||
| 300 |
_a280 p. ; _c21 cm. |
||
| 490 | 1 |
_aArguments _vv. 34 |
|
| 500 | _aTraducido del inglés. | ||
| 504 | _aIncluye referencias bibliográficas al pie de las páginas. | ||
| 700 | 1 | 2 |
_aWittig, Monique, _etr. _960615 |
| 700 | 1 | 2 |
_aFévrier, _epréf. _960616 |
| 830 | 0 |
_aArguments _vv. 34 _960617 |
|
| 049 | _aBNGR | ||
| 999 |
_c34494 _d34494 |
||